Taylor Swift all songs (albums) (May 2024) - Statistics

General Stats
  • This quiz has been taken 277 times
  • The average score is 158 of 230
Answer Stats
Answers % Correct
You Belong With Me
93%
Fearless
92%
Love Story
90%
Ours
90%
Tim McGraw
90%
All Too Well
88%
Lover
88%
Our Song
88%
Red
88%
22
85%
ME!
85%
Teardrops On My Guitar
85%
Cruel Summer
83%
Invisible
83%
Speak Now
83%
The Man
83%
Blank Space
82%
august
81%
Shake It Off
81%
betty
80%
cardigan
80%
Enchanted
80%
Fortnight
80%
Mine
80%
the 1
80%
The Tortured Poets Department
80%
Dear John
79%
I Knew You Were Trouble
79%
Look What You Made Me Do
79%
Style
79%
We Are Never Ever Getting Back Together
79%
Welcome To New York
79%
White Horse
79%
Bad Blood
78%
Fifteen
78%
Is It Over Now?
78%
Picture To Burn
78%
...Ready For It?
78%
The Archer
78%
Down Bad
76%
Karma
76%
Lavender Haze
76%
Out Of The Woods
76%
Should've Said No
76%
So Long, London
76%
State Of Grace
76%
Anti-Hero
75%
Don't Blame
75%
Dress
75%
Hey Stephen
75%
Midnight Rain
75%
"Slut!"
75%
Daylight
74%
Delicate
74%
exile
74%
Getaway Car
74%
Peter
74%
The Smallest Man Who Ever Lived
74%
You Need To Calm Down
74%
Castles Crumbling
73%
Cornelia Street
73%
End Game
73%
I Can Do It With a Broken Heart
73%
I Can See You
73%
illicit affairs
73%
London Boy
73%
Maroon
73%
Sparks Fly
73%
The Alchemy
73%
The Black Dog
73%
The Manuscript
73%
Wildest Dreams
73%
All You Had To Do Was Stay
72%
Cassandra
72%
champagne problems
72%
Long Live
72%
Mary's Song (Oh My My My)
72%
mirrorball
72%
my tears ricochet
72%
New Year's Day
72%
So High School
72%
the last great american dynasty
72%
Vigilante Shit
72%
Who's Afraid Of Little Old Me?
72%
willow
72%
Wonderland
72%
Back To December
71%
Bejeweled
71%
evermore
71%
hoax
71%
How You Get The Girl
71%
I Know Places
71%
marjorie
71%
Mean
71%
Miss Americana & The Heartbreak Prince
71%
My Boy Only Breaks His Favorite Toys
71%
Paper Rings
71%
Snow On The Beach
71%
Treacherous
71%
Afterglow
70%
A Place in this World
70%
But Daddy I Love Him
70%
Clara Bow
70%
I Did Something Bad
70%
I Forgot That You Existed
70%
invisible string
70%
New Romantics
70%
Ronan
70%
seven
70%
tolerate it
70%
When Emma Falls in Love
70%
Better Than Revenge
69%
Clean
69%
Death By A Thousand Cuts
69%
Now That We Don't Talk
69%
You're On Your Own, Kid
69%
Call It What You Want
67%
Florida!!!
67%
King Of My Heart
67%
loml
67%
Mastermind
67%
Mr. Perfectly Fine
67%
Robin
67%
Suburban Legends
67%
This Is Why We Can't Have Nice Things
67%
You're Losing Me
67%
Dancing With Our Hands Tied
66%
Gorgeous
66%
Haunted
66%
I'm Only Me When I'm With You
66%
Paris
66%
peace
66%
Soon You'll Get Better
66%
The Outside
66%
The Way I Loved You
66%
This Love
66%
Timeless
66%
Begin Again
65%
Cold As You
65%
False God
65%
Guilty As Sin?
65%
Superman
65%
You Are In Love
65%
Fresh Out The Slammer
64%
Girl At Home
64%
It's Nice To Have A Friend
64%
Jump Then Fall
64%
Run
64%
Say Don't Go
64%
So It Goes...
64%
Stay Stay Stay
64%
The Best Day
64%
this is me trying
64%
A Perfectly Good Heart
63%
Chloe or Sam or Sophia or Marcus
63%
Don't You
63%
Electric Touch
63%
Foolish One
63%
Glitch
63%
Hits Different
63%
I Bet You Think About Me
63%
I Hate It Here
63%
imgonnagetyouback
63%
no body, no crime
63%
The Bolter
63%
The Lucky One
63%
'tis the damn season
63%
Babe
62%
Breathe
62%
Come Back...Be Here
62%
epiphany
62%
Forever & Always
62%
I Think He Knows
62%
Stay Beautiful
62%
Superstar
62%
The Story Of Us
62%
Tied Together with a Smile
62%
Would've, Could've, Should've
62%
Bye Bye Baby
61%
dorothea
61%
Everything Has Changed
61%
Last Kiss
61%
Message In A Bottle
61%
Starlight
61%
thanK you aIMee
61%
The Albatross
61%
The Great War
61%
Change
60%
Dear Reader
60%
gold rush
60%
Holy Ground
60%
How Did It End?
60%
Innocent
60%
mad woman
60%
That's When
60%
the lakes - bonus track
60%
The Last Time
60%
The Very First Night
60%
coney island
58%
I Almost Do
58%
I Can Fix Him (No Really I Can)
58%
ivy
58%
I Wish You Would
58%
Never Grow Up
58%
The Other Side Of The Door
58%
The Prophecy
58%
Untouchable
58%
You're Not Sorry
58%
Better Man
57%
Come In With The Rain
57%
Labyrinth
57%
Question...?
57%
Sweet Nothing
57%
You All Over Me
57%
Bigger Than The Whole Sky
56%
cowboy like me
56%
High Infidelity
56%
I Look in People's Windows
56%
Nothing New
56%
Tell Me Why
56%
Forever Winter
55%
right where you left me - bonus track
55%
The Moment I Knew
55%
closure
54%
happiness
54%
Sad Beautiful Tragic
54%
Today Was A Fairytale
54%
We Were Happy
53%
long story short
52%
it's time to go - bonus track
49%
No matching quizzes found
Score Distribution
Percent of People with Each Score
Percentile by Number Answered
Your Score History
You have not taken this quiz